Indice alfabético de los comentarios á la legislación hipotecaria de España y Ultramar / (Record no. 54833)
[ view plain ]
| 000 -LEADER | |
|---|---|
| campo de control de longitud fija | 00849nam a2200205 i 4500 |
| 001 - NÚMERO DE CONTROL | |
| campo de control | 54833 |
| 003 - IDENTIFICADOR DE NÚMERO DE CONTROL | |
| campo de control | ES-MaACL |
| 005 - FECHA Y HORA DE LA ÚLTIMA TRANSACCIÓN | |
| campo de control | 20250626063141.0 |
| 007 - CAMPO FIJO DE DESCRIPCIÓN FÍSICA--INFORMACIÓN GENERAL | |
| campo de control de longitud fija | t| |
| 008 - DATOS DE LONGITUD FIJA--INFORMACIÓN GENERAL | |
| campo de control de longitud fija | 960801s1887 sp ||||1| spa d |
| 040 ## - FUENTE DE CATALOGACIÓN | |
| Centro catalogador/agencia de origen | CAM |
| Lengua de catalogación | spa |
| Centro/agencia transcriptor | CAM |
| 100 1# - ENTRADA PRINCIPAL--NOMBRE DE PERSONA | |
| Nombre de persona | Galindo y Vera, León, |
| Fechas asociadas al nombre | 1820-1889 |
| 9 (RLIN) | 53452 |
| 245 10 - MENCIÓN DEL TÍTULO | |
| Título | Indice alfabético de los comentarios á la legislación hipotecaria de España y Ultramar / |
| Mención de responsabilidad, etc. | por León Galindo y de Vera y Rafael de la Escosura y Escosura. |
| 260 ## - PUBLICACIÓN, DISTRIBUCIÓN, ETC. | |
| Lugar de publicación, distribución, etc. | Madrid : |
| Nombre del editor, distribuidor, etc. | [s.n.], |
| Fecha de publicación, distribución, etc. | 1887 ( |
| Fabricante | Establecimiento tipográfico de Felipe Pinto y Grovio) |
| 300 ## - DESCRIPCIÓN FÍSICA | |
| Extensión | 254 p. ; |
| Dimensiones | 22 cm. |
| 600 17 - PUNTO DE ACCESO ADICIONAL DE MATERIA--NOMBRE DE PERSONA | |
| Nombre de persona | Galindo y Vera, León, |
| Fechas asociadas al nombre | 1820-1889. |
| Título de la obra | Comentarios a la legislación hipotecaria de España- |
| Subdivisión de forma | Índices |
| Fuente del encabezamiento o término | |
| 9 (RLIN) | 159563 |
| 700 1# - ENTRADA AGREGADA--NOMBRE PERSONAL | |
| Nombre de persona | Escosura y Escosura, Rafael de la. |
| 9 (RLIN) | 47619 |
| 852 ## - LOCALIZACIÓN | |
| Ubicación | ES-MaACL |
| Número de control de estantería | F-14700 |
| Estatus retirado | Estado de pérdida | Estado de daño | No para préstamo | Colección | Biblioteca de origen | Biblioteca actual | Ubicación en estantería | Fecha de adquisición | Fuente de adquisición | Total de préstamos | Signatura topográfica completa | Código de barras | Visto por última vez | Precio de reemplazo | Tipo de ítem Koha |
|---|---|---|---|---|---|---|---|---|---|---|---|---|---|---|---|
| Libros del s. XIX | Biblioteca del Ateneo de Madrid | Biblioteca del Ateneo de Madrid | Sala Pecera Planta 2 | 17/01/2008 | F-14700 | 1057618 | 23/02/2023 | 23/02/2023 | Libro impreso antiguo |
